|
|
|
|
| LEADER |
00657nam a2200193Ia 4500 |
| 001 |
CTU_86744 |
| 008 |
210402s9999 xx 000 0 und d |
| 082 |
|
|
|a 629.2
|
| 082 |
|
|
|b G794
|
| 100 |
|
|
|a Greenleaf, William
|
| 245 |
|
0 |
|a Monopoly on wheels; Henry Ford and the Selden automobile patent. With a foreword by Allan Nevins.
|
| 245 |
|
0 |
|c William Greenleaf
|
| 260 |
|
|
|a Detroit
|
| 260 |
|
|
|b Wayne State University Press
|
| 260 |
|
|
|c 1961
|
| 650 |
|
|
|a Automobile industry and trade,Ford, henry, 1863-1947.,Selden, george baldwin, 1846-1922.
|
| 650 |
|
|
|x United states
|
| 904 |
|
|
|i Năm
|
| 980 |
|
|
|a Trung tâm Học liệu Trường Đại học Cần Thơ
|